Quality management in construction projects perspective from the Malaysian construction industry /
Saved in:
| Main Author: | |
|---|---|
| Format: | Unknown |
| Language: | English |
| Published: |
Kuala Lumpur :
Faculty of Engineering, University of Malaya,
2008
|
| Subjects: | |
| Tags: |
Add Tag
No Tags, Be the first to tag this record!
|
| LEADER | 014270000a22003490004500 | ||
|---|---|---|---|
| 001 | 417917 | ||
| 005 | 20100121150500.0 | ||
| 008 | 081023t2008 my a g m 000 0 eng d | ||
| 035 | |a (Sirsi) 417917 | ||
| 040 | |a UIAM |b eng |e rda | ||
| 043 | |a a-my--- | ||
| 050 | 0 | 0 | |a TH438 |
| 100 | 3 | |a Tan, Chin Keng, |e author | |
| 245 | 1 | 0 | |a Quality management in construction projects perspective from the Malaysian construction industry / |c by Tan Chin Keng |
| 264 | 1 | |a Kuala Lumpur : |b Faculty of Engineering, University of Malaya, |c 2008 | |
| 300 | |a xviii, 128 leaves : |b illustrations ; |c 30 cm. | ||
| 336 | |2 rdacontent |a text | ||
| 337 | |2 rdamedia |a unmediated | ||
| 338 | |2 rdacarrier |a volume | ||
| 500 | |a "Thesis submitted in fulfilment of the requirements for the degree of Doctor of Philosophy."--On title page. | ||
| 504 | |a Includes bibliographical references (leaves 280-295). | ||
| 596 | |a 1 | ||
| 650 | 0 | |a Construction industry |x Management | |
| 650 | 0 | |a Project management | |
| 650 | 0 | |a Construction industry |x Management |z Malaysia | |
| 650 | 0 | |a Construction industry |x Quality control |z Malaysia | |
| 650 | 0 | |a Quality assurance |z Malaysia | |
| 655 | 0 | 7 | |a Theses, non-IIUM |
| 710 | 2 | |a Universiti Malaya. |b Fakulti Kejuruteraan | |
| 900 | |a fmy-hj-ajt | ||
| 999 | |c 432965 |d 463103 | ||
| 952 | |0 0 |6 T TH 000438 T161Q 2008 |7 0 |8 THESES |9 754387 |a IIUM |b IIUM |c MULTIMEDIA |g 0.00 |o t TH438T161Q 2008 |p 00011026543 |r 2017-10-20 |t 1 |v 0.00 |y THESIS | ||
